Создание медь-алюминиевых покрытий плазмодинамическим методом; Электромеханические преобразователи энергии

ग्रंथसूची विवरण
Parent link:Электромеханические преобразователи энергии.— 2015.— [С. 315-317]
निगमित लेखक: Национальный исследовательский Томский политехнический университет (ТПУ) Энергетический институт (ЭНИН) Кафедра электроснабжения промышленных предприятий (ЭПП)
अन्य लेखक: Нафигин Н. Р., Сивков А. А. Александр Анатольевич, Сайгаш А. С. Анастасия Сергеевна, Ивашутенко А. С. Александр Сергеевич
सारांश:Заглавие с титульного экрана
भाषा:रूसी
प्रकाशित: 2015
श्रृंखला:Электротехнические материалы и изделия
विषय:
ऑनलाइन पहुंच:http://earchive.tpu.ru/handle/11683/22237
http://www.lib.tpu.ru/fulltext/c/2015/C112/064.pdf
स्वरूप: इलेक्ट्रोनिक पुस्तक अध्याय
KOHA link:https://koha.lib.tpu.ru/cgi-bin/koha/opac-detail.pl?biblionumber=617148

MARC

LEADER 00000naa2a2200000 4500
001 617148
005 20240215083217.0
035 |a (RuTPU)RU\TPU\conf\15452 
035 |a RU\TPU\conf\15451 
090 |a 617148 
100 |a 20160216d2015 k y0rusy50 ca 
101 0 |a rus 
102 |a RU 
105 |a y z 101zy 
135 |a drgn ---uucaa 
181 0 |a i  
182 0 |a b 
200 1 |a Создание медь-алюминиевых покрытий плазмодинамическим методом  |f Н. Р. Нафигин, А. А. Сивков, А. С. Сайгаш, А. С. Ивашутенко 
203 |a Текст  |c электронный 
225 1 |a Электротехнические материалы и изделия 
300 |a Заглавие с титульного экрана 
320 |a [Библиогр.: с. 317 (4 назв.)] 
337 |a Adobe Reader 
463 0 |0 (RuTPU)RU\TPU\conf\15313  |t Электромеханические преобразователи энергии  |o материалы VII Международной научно-технической конференции, 14-16 октября 2015 г., г. Томск  |f Российский фонд фундаментальных исследований (РФФИ) ; Томская область, Администрация ; Национальный исследовательский Томский политехнический университет (ТПУ)  |v [С. 315-317]  |d 2015 
610 1 |a труды учёных ТПУ 
610 1 |a электронный ресурс 
610 1 |a плазмодинамические методы 
610 1 |a токопроводящие элементы 
610 1 |a системы энергоснабжения 
610 1 |a медь 
610 1 |a алюминий 
701 1 |a Нафигин  |b Н. Р. 
701 1 |a Сивков  |b А. А.  |c специалист в области электроэнергетики  |c профессор Томского политехнического университета, доктор технических наук  |f 1951-  |g Александр Анатольевич  |3 (RuTPU)RU\TPU\pers\26846  |9 12465 
701 1 |a Сайгаш  |b А. С.  |c специалист в области электроэнергетики  |c доцент Томского политехнического университета, кандидат технических наук  |f 1981-  |g Анастасия Сергеевна  |3 (RuTPU)RU\TPU\pers\27720  |9 12794 
701 1 |a Ивашутенко  |b А. С.  |c специалист в области электротехники  |c доцент Томского политехнического университета, кандидат технических наук  |f 1981-  |g Александр Сергеевич  |3 (RuTPU)RU\TPU\pers\29575  |9 14110 
712 0 2 |a Национальный исследовательский Томский политехнический университет (ТПУ)  |b Энергетический институт (ЭНИН)  |b Кафедра электроснабжения промышленных предприятий (ЭПП)  |3 (RuTPU)RU\TPU\col\18676 
801 2 |a RU  |b 63413507  |c 20210225  |g RCR 
856 4 |u http://earchive.tpu.ru/handle/11683/22237 
856 4 |u http://www.lib.tpu.ru/fulltext/c/2015/C112/064.pdf 
942 |c BK